000 00508nam a2200193Ia 4500
008 230125s9999 xx 000 0 und d
020 _a978-81-8495-027-4
041 _aeng
082 _a823
_bOKA
100 _aOkawa R
_9113445
245 _aThe Laws Of The Sun
260 _c2009
_bJaico Publishing House
_aMumbai
300 _a247p
500 _aEnglish Literature;Literature
650 _aEnglish Literature
700 _aOkawa R
_9113445
906 _b59
999 _c90569
_d90569